| 000 | 00659cam a22002413a 4500 | ||
|---|---|---|---|
| 001 | 23767 | ||
| 003 | PGUSA | ||
| 005 | 20140828083516.0 | ||
| 008 | 071208s2007||||xxu|||||s|||||000 1 eng d | ||
| 040 |
_aPGUSA _beng |
||
| 042 | _adc | ||
| 050 | 4 | _aPS | |
| 100 | 1 |
_aFyfe, H. B. _q(Horace Bowne), _d1918-1997 |
|
| 245 | 1 | 4 |
_aThe Talkative Tree _h[electronic resource] / _cH. B. Fyfe |
| 260 |
_bProject Gutenberg, _c2007 |
||
| 506 | _aPublic domain in the USA. | ||
| 516 | _aElectronic text | ||
| 653 | _aShort stories | ||
| 653 | _aScience fiction | ||
| 830 | 0 |
_aProject Gutenberg _v23767 |
|
| 856 | 4 | 0 | _uhttp://www.gutenberg.org/ebooks/23767 |
| 942 | _cEB | ||
| 999 |
_c253022 _d253022 |
||